| 000 | 00724nam a22002297a 4500 | ||
|---|---|---|---|
| 003 | OSt | ||
| 005 | 20260114113658.0 | ||
| 007 | ta | ||
| 008 | 100322s2020 dr a 000 0 spa d | ||
| 020 | _a9789945094978 | ||
| 040 |
_aDO-SdBNP _bspa _cBNPHU |
||
| 082 | 4 |
_a306.87 _bS253g _222 |
|
| 100 | 1 |
_aSantana Fernández, Angie _937920 _d1980- |
|
| 245 | 1 | 0 |
_aGuía para parejas : _b21 días contigo / _cAngie Santana Fernández |
| 260 |
_aSanto Domingo : _bArgos, _c2020. |
||
| 300 |
_a108 p. : _bil. _c21 cm. |
||
| 500 | _aIncluye datos biográficos de la autora en la solapa de la cubierta | ||
| 590 | _aInventariado, 2021/ YL | ||
| 650 | 0 |
_aParejas _9802 |
|
| 910 | _aYL/Validado. Control de calidad MFF | ||
| 942 |
_2ddc _cLBS1 |
||
| 999 |
_c49603 _d49603 |
||